00455nam a22001577a 450000500170000000800410001702000150005804100120007308200140008510000240009924500490012325000200017226000470019230000330023965000250027220231107063325.0231107b |||||||| |||| 00| 0 eng d a0702107220 aEnglish a346.5 HON aHonore, T lEnglish aThe South African Law of Trusts /cT Honore  aSecond Edition  aCape Town : bJuta and Company Ltd, c1976 blviii, 508 pages ; c26 cm.  aLegal practice bLaw